000 01589cam a2200145 4500500
005 20260405085604.0
041 _afre
042 _adc
100 1 0 _aSchirmann, Sylvain
_eauthor
700 1 0 _aLibera, Martial
_eauthor
245 0 0 _aLa politique extérieure de l'Allemagne depuis 1945 : la puissance retrouvée
260 _bArmand Colin,
_c2023.
520 _aDe la politique étrangère de l’Allemagne, on conserve souvent à l’esprit quelques idées forces héritées du passé récent  : l’Allemagne serait surtout un géant économique et resterait un nain politique, un acteur avant tout pacifique sur la scène internationale, un pays dont la politique extérieure serait concentrée sur l’espace européen. En ancrant cette histoire dans la moyenne durée, de 1945 à nos jours, cet ouvrage fait apparaître les éléments de continuité mais aussi les grandes ruptures dans la politique étrangère allemande. Il montre comment les Allemagnes puis l’Allemagne réunifiée se sont progressivement affirmées sur la scène internationale, sur le plan économique et politique, mais aussi d’un point de vue culturel et militaire. Il analyse la montée en puissance du pays sur la scène internationale aussi bien que les limites de son action et souligne, un peu plus de 70 ans après la création de la République fédérale d’Allemagne, combien ce pays, au cœur de l’Europe, est redevenu une puissance globale.
856 4 1 _uhttps://shs.cairn.info/la-politique-exterieure-de-l-allemagne-depuis-1945--9782200634032?lang=fr&redirect-ssocas=7080
999 _c2198762
_d2198762